[Event "EU-ch Amateur Online Final 1400/1700"]
[Site "Tornelo INT"]
[Date "2021.04.18"]
[Round "7"]
[White "Sircan, Ahmet Kursat"]
[Black "Kyparissopoulos, Spyridon"]
[Result "1-0"]
[WhiteElo "1608"]
[BlackElo "1432"]
[PlyCount "79"]
[EventDate "2021.04.18"]
[EventType "swiss (rapid)"]
[EventRounds "9"]
[EventCountry "NET"]
[SourceTitle "EXT 2023"]
[Source "ChessBase"]
[SourceDate "2022.10.05"]
[SourceVersion "1"]
[SourceVersionDate "2022.10.05"]
[SourceQuality "1"]

1. e4 c5 2. Nf3 d6 3. Bc4 Nf6 4. Qe2 Nc6 5. c3 g6 6. d4 cxd4 7. cxd4 Bg7 8. d5 Nb8 9. Nc3 0-0 10. 0-0 Bg4 11. h3 Bxf3 12. Qxf3 Nbd7 13. Qe2 Rc8 14. Bb3 a6 15. Be3 b5 16. f3 Nh5 17. Qd2 Nc5 18. Bc2 b4 19. Na4 Qa5 20. a3 Nxa4 21. axb4 Qc7 22. Bxa4 f5 23. Bc6 f4 24. Bd4 Ng3 25. Rfe1 e5 26. Bf2 Ra8 27. b5 a5 28. b6 Qd8 29. Rxa5 Rxa5 30. Qxa5 g5 31. Qa7 g4 32. Qd7 Qg5 33. Qxg4 Qxg4 34. hxg4 h5 35. gxh5 Bf6 36. Ra1 Kg7 37. b7 Ne2+ 38. Kf1 Ng3+ 39. Bxg3 fxg3 40. Ra8 1-0

[Event "Izmir op 18th"]
[Site "Izmir"]
[Date "2019.09.03"]
[Round "2"]
[White "Isik, Alparslan"]
[Black "Sircan, Ahmet Kursat"]
[Result "1-0"]
[WhiteElo "2200"]
[BlackElo "1634"]
[PlyCount "97"]
[EventDate "2019.09.02"]
[EventType "swiss"]
[EventRounds "9"]
[EventCountry "TUR"]
[SourceTitle "EXT 2020"]
[Source "ChessBase"]
[SourceDate "2019.10.17"]
[SourceVersion "1"]
[SourceVersionDate "2019.10.17"]
[SourceQuality "1"]

1. d4 Nf6 2. c4 g6 3. Nc3 Bg7 4. e4 d6 5. Be2 0-0 6. Be3 Na6 7. Qd2 c5 8. d5 Nc7 9. h3 Bd7 10. Nf3 a6 11. e5 Nfe8 12. exd6 exd6 13. 0-0 b5 14. Bg5 f6 15. Bf4 bxc4 16. a4 Rb8 17. Bxc4 Rb4 18. b3 g5 19. Bh2 f5 20. Rac1 h6 21. Ne1 f4 22. Nd3 Rb8 23. Rfe1 Qf6 24. Ne4 Qd4 25. Qa5 Kh8 26. Rcd1 Bf5 27. Nxf4 Qxd1 28. Rxd1 Bxe4 29. Ne6 Nxe6 30. dxe6 Bd4 31. Rxd4 cxd4 32. Bxd6 Nxd6 33. Qe5+ Kh7 34. Qxd6 Bg6 35. Qd7+ Kh8 36. Qxd4+ Kh7 37. Qa7+ Kh8 38. Qxa6 Rf6 39. Qa7 Re8 40. a5 Bf5 41. Qd7 Rexe6 42. Bxe6 Rxe6 43. Qd8+ Kg7 44. b4 Kf7 45. b5 Re8 46. Qd5+ Be6 47. Qf3+ Ke7 48. a6 Kd6 49. Qc6+ 1-0

[Event "TUR Cup										"]
[Site "Antalya"]
[Date "2018.01.30"]
[Round "6"]
[White "Sircan, Ahmet Kursat"]
[Black "Karaca, Alper Tunga"]
[Result "0-1"]
[WhiteElo "1665"]
[BlackElo "2036"]
[PlyCount "64"]
[EventDate "2018.01.27"]
[EventType "swiss"]
[EventRounds "11"]
[EventCountry "TUR"]
[SourceTitle "CBM 182 Extra"]
[Source "ChessBase"]
[SourceDate "2018.02.23"]
[SourceVersion "1"]
[SourceVersionDate "2018.02.23"]
[SourceQuality "1"]

1. e4 c5 2. Nf3 d6 3. Bb5+ Nd7 4. 0-0 a6 5. Be2 Ngf6 6. d3 e6 7. Nfd2 Be7 8. f4 0-0 9. Kh1 b5 10. Nf3 Qc7 11. Rg1 c4 12. g4 cxd3 13. cxd3 Bb7 14. g5 Ne8 15. Be3 g6 16. Nbd2 Ng7 17. Nb3 Rfc8 18. Rc1 Qd8 19. Qd2 Rxc1 20. Rxc1 Rc8 21. Qe1 f5 22. Na5 Ba8 23. Nd4 Rxc1 24. Bxc1 Qc8 25. Bf3 Bd8 26. Bd2 e5 27. fxe5 Nxe5 28. Qe2 Bxa5 29. Bxa5 Qc1+ 30. Be1 Nxd3 31. exf5 Nxe1 32. Bxa8 Nd3+ 0-1